<?xml version="1.0" encoding="UTF-8"?><?xml-stylesheet type="text/xsl" href="static/style.xsl"?><OAI-PMH xmlns="http://www.openarchives.org/OAI/2.0/" xmlns:xsi="http://www.w3.org/2001/XMLSchema-instance" xsi:schemaLocation="http://www.openarchives.org/OAI/2.0/ http://www.openarchives.org/OAI/2.0/OAI-PMH.xsd"><responseDate>2026-05-17T22:45:52Z</responseDate><request verb="GetRecord" identifier="oai:recam.amb.cat:20.500.14439/4779" metadataPrefix="marc">https://recam.amb.cat/rest/oai/request</request><GetRecord><record><header><identifier>oai:recam.amb.cat:20.500.14439/4779</identifier><datestamp>2026-05-06T23:45:49Z</datestamp><setSpec>com_20.500.14439_2628</setSpec><setSpec>com_20.500.14439_123</setSpec><setSpec>col_20.500.14439_4778</setSpec></header><metadata><record xmlns="http://www.loc.gov/MARC21/slim" xmlns:dcterms="http://purl.org/dc/terms/" xmlns:xsi="http://www.w3.org/2001/XMLSchema-instance" xmlns:doc="http://www.lyncode.com/xoai" xsi:schemaLocation="http://www.loc.gov/MARC21/slim http://www.loc.gov/standards/marcxml/schema/MARC21slim.xsd">
   <leader>00925njm 22002777a 4500</leader>
   <datafield ind2=" " ind1=" " tag="042">
      <subfield code="a">dc</subfield>
   </datafield>
   <datafield ind2=" " ind1=" " tag="720">
      <subfield code="a">Observatori Metropolità de l'Habitatge de Barcelona</subfield>
      <subfield code="e">author</subfield>
   </datafield>
   <datafield ind2=" " ind1=" " tag="260">
      <subfield code="c">2022-09-01</subfield>
   </datafield>
   <datafield ind2=" " ind1=" " tag="520">
      <subfield code="a">En el primer capítol s’analitza l’evolució del mercat de l’habitatge tant de compravenda com de lloguer, tot prenent com a referència els indicadors referits al nombre d’operacions i als preus mitjans. En el segon capítol, es posa el focus en 
la crisi d’accessibilitat a la metròpoli de Barcelona, a partir de la comparativa entre l’evolució dels preus mitjans de l’habitatge i els ingressos mitjans de les llars. Així mateix, es presenten indicadors de l’esforç d’accés a l’habitatge per llars situades en diferents trams d’ingressos. En el tercer capítol, s’analitzen algunes dimensions de l’exclusió residencial a partir dels indicadors sobre llançaments practicats pels jutjats, i del nombre de casos que arriben a les meses 
d’emergència. Finalment, en el darrer capítol es presenten unes conclusions on es resumeixen les principals dinàmiques analitzades al llarg del treball.</subfield>
   </datafield>
   <datafield ind1="8" ind2=" " tag="024">
      <subfield code="a">https://hdl.handle.net/20.500.14439/4779</subfield>
   </datafield>
   <datafield tag="653" ind2=" " ind1=" ">
      <subfield code="a">Habitatge</subfield>
   </datafield>
   <datafield tag="653" ind2=" " ind1=" ">
      <subfield code="a">Compravenda</subfield>
   </datafield>
   <datafield tag="653" ind2=" " ind1=" ">
      <subfield code="a">Arrendament urbà</subfield>
   </datafield>
   <datafield tag="653" ind2=" " ind1=" ">
      <subfield code="a">Lloguers</subfield>
   </datafield>
   <datafield ind2="0" ind1="0" tag="245">
      <subfield code="a">L'habitatge a la metròpoli de Barcelona en el 2022</subfield>
   </datafield>
</record></metadata></record></GetRecord></OAI-PMH>